Guía de los primeros pasos del escolar
Salvato in:
| Autore principale: | |
|---|---|
| Natura: | Libro |
| Lingua: | spagnolo |
| Pubblicazione: |
Buenos Aires
Kapelusz
1969
|
| Serie: | Colección de Pedagogía práctica
|
| Soggetti: | |
| Tags: |
Aggiungi Tag
Nessun Tag, puoi essere il primo ad aggiungerne!!
|
MARC
| LEADER | 00000nam a2200000 a 4500 | ||
|---|---|---|---|
| 001 | UCW4737 | ||
| 003 | CL-VaPUC | ||
| 008 | 900710e19690000AG |||||||||||||||||spa|d | ||
| 082 | 0 | 4 | |a 372.21 |b GIR |2 21 |
| 100 | |a Girolami-Boulinier, Andrée |e author |9 340543 | ||
| 245 | 1 | 0 | |a Guía de los primeros pasos del escolar |
| 300 | |a 160 p | ||
| 942 | |c BK | ||
| 945 | |d 19900710 00:00:00 | ||
| 260 | |a Buenos Aires |b Kapelusz |c 1969 | ||
| 650 | 0 | |a Educación preescolar |9 260381 | |
| 650 | 0 | |a Jardines infantiles |9 307427 | |
| 583 | |a last modification |c 19900710 00:00:00 |k Rodrigo Vera | ||
| 490 | 0 | |a Colección de Pedagogía práctica | |
| 999 | |c 218368 |d 218366 | ||
| 952 | |0 0 |1 0 |4 0 |6 372_210000000000000_GIR_1969 |7 0 |8 P |9 207837 |a BIBEDU |b BIBEDU |c BIBEDU_PB |d 2019-11-15 |i 2756706 |o 372.21 GIR 1969 |p 2756706 |r 2024-01-25 |w 2019-11-15 |y BK |k EDU | ||
| 952 | |0 0 |1 0 |4 0 |6 372_210000000000000_GIR_1969 |7 0 |8 P |9 207838 |a BIBEDU |b BIBEDU |c BIBEDU_PB |d 2019-11-15 |i 2756714 |o 372.21 GIR 1969 |p 2756714 |r 2024-01-25 |w 2019-11-15 |y BK |k EDU | ||